00365pam a2200145a 44500008004100000020002500041082001600066100002400082245002200106250001200128260003200140300001700172906001100189999001900200230405s2009 xxu||||| |||| 00| 0 eng d a8180611698cRs. 1125 a610.73bBAS aBasavanthappa, B.T. aNursing Education a2nd Ed. aNew DelhibJaypee Pubc2009 axvi + 993 p. a003457 c252726d252726